| 000 | 00823nam a2200253 a 4500 | ||
|---|---|---|---|
| 008 | |||
| 020 | _a9780195187991(pbk) | ||
| 049 | _aMAIN | ||
| 090 | _aQD262 LI,J | ||
| 100 | 1 | _aLi, Jie Jack | |
| 245 | 0 |
_aModern organic synthesis in the labaratory : _ba collection of standard experimental procedures / _cJie Jack Li ,Chris Limberakis and Derek A. Pflum |
|
| 260 |
_aOxford : _b Oxford University Press, _c 2007 |
||
| 300 |
_axix,198p. : _b il. ;10cm |
||
| 500 | _aIncludes index | ||
| 504 | _aIncludes bibliograhical references | ||
| 650 | 1 | _aOrganic compounds-synthesis | |
| 700 | _aPflum ,Derek A. | ||
| 700 | _aLimberakis,Chris | ||
| 907 |
_a.b10260262 _b12-03-09 _c13-02-09 |
||
| 003 | |||
| 005 | 20230123124926.0 | ||
| 040 | _cNUST | ||
| 942 |
_cBOOKS _kQD262 LI,J |
||
| 999 |
_c132677 _d132677 |
||